5HLuxD.jpg

KING HENRY VIII SENIOR AND PRIMARY SCHOOL LIBRARY OPAC

The world's worst pets / (Record no. 5274)

000 -LEADER
fixed length control field 01449cam a2200289 a 4500
001 - CONTROL NUMBER
control field 405257
003 - CONTROL NUMBER IDENTIFIER
control field OSt
005 - DATE AND TIME OF LATEST TRANSACTION
control field 20250902091534.0
008 - FIXED-LENGTH DATA ELEMENTS--GENERAL INFORMATION
fixed length control field 220309s2022 enka j 000 0 eng d
020 ## - INTERNATIONAL STANDARD BOOK NUMBER
International Standard Book Number 9780008499778
Qualifying information (pbk.)
040 ## - CATALOGING SOURCE
Original cataloging agency NF
Transcribing agency TTCT
Modifying agency TTCT
-- KH8
082 ## - DEWEY DECIMAL CLASSIFICATION NUMBER
Classification number FIC WAL
100 1# - MAIN ENTRY--PERSONAL NAME
Personal name Walliams, David,
Dates associated with a name 1971-
Relator term author.
245 14 - TITLE STATEMENT
Title The world's worst pets /
Statement of responsibility, etc. David Walliams ; illustrated in fabulous colour by Adam Stower.
260 ## - PUBLICATION, DISTRIBUTION, ETC.
Place of publication, distribution, etc. London :
Name of publisher, distributor, etc. HarperCollins Children's Books,
Date of publication, distribution, etc. 2022.
300 ## - PHYSICAL DESCRIPTION
Extent 307 p. :
Other physical details col. illlustrations ;
Dimensions 20 cm.
520 ## - SUMMARY, ETC.
Summary, etc. These ten tales of the world's craziest creatures will have you shaking with laughter. You'll never look at pets in the same way again! Marvel at Houdini, the magician's rabbit. Take a trip around the world with Zoom, the supersonictortoise. Gasp at the chaos created by Griselda, a grizzly bear with a big secret. And run for your lives - it's Furp, the monstrous goldfish! Good pets, bad pets, supervillain pets, pets as big as a house and pets that could eat you in one gulp - these are the most hilarious and horrendous animals around.
650 #0 - SUBJECT ADDED ENTRY--TOPICAL TERM
Topical term or geographic name entry element Families
Form subdivision Juvenile fiction.
650 #0 - SUBJECT ADDED ENTRY--TOPICAL TERM
Topical term or geographic name entry element Human-animal relationships
Form subdivision Juvenile fiction.
650 #0 - SUBJECT ADDED ENTRY--TOPICAL TERM
Topical term or geographic name entry element Pets
Form subdivision Juvenile fiction.
650 #0 - SUBJECT ADDED ENTRY--TOPICAL TERM
Topical term or geographic name entry element Animals
Form subdivision Juvenile fiction.
650 #0 - SUBJECT ADDED ENTRY--TOPICAL TERM
Topical term or geographic name entry element Children's stories.
653 ## - INDEX TERM--UNCONTROLLED
Uncontrolled term 英語學習
653 ## - INDEX TERM--UNCONTROLLED
Uncontrolled term 青少年
700 1# - ADDED ENTRY--PERSONAL NAME
Personal name Stower, Adam,
Relator term illustrator.
942 ## - ADDED ENTRY ELEMENTS (KOHA)
Source of classification or shelving scheme
Koha item type Books - Fiction
Holdings
Withdrawn status Lost status Source of classification or shelving scheme Damaged status Not for loan Collection code Permanent Location Current Location Shelving location Date acquired Full call number Barcode Date last seen Price effective from Koha item type
          Fiction KH8 Senior School Library KH8 Senior School Library Fiction 2025-09-02 FIC WAL 3KHSL000102346 2025-09-02 2025-09-02 Books - Fiction

Powered By KH8 IT Dept